Statistics for Countries with the Highest Average Elevation

Click here to take the quiz!

General Stats

  • This quiz has been taken 17,039 times
    (12,216 since last reset)
  • The average score is 12 of 20

Answer Stats

Meters Country Feet % Correct
3265Nepal10,712
97%
1840China6,037
86%
1350Switzerland4,429
86%
1871Chile6,138
85%
1555Peru5,102
84%
3280Bhutan10,761
83%
1192Bolivia3,911
77%
1884Afghanistan6,181
74%
1528Mongolia5,013
72%
3186Tajikistan10,453
65%
2988Kyrgyzstan9,803
62%
1305Iran4,281
59%
1996Andorra6,549
55%
1432Georgia4,698
55%
1792Armenia5,879
54%
1330Ethiopia4,364
33%
1598Rwanda5,243
33%
1504Burundi4,934
30%
2161Lesotho7,090
25%
1250Lebanon4,101
16%

Score Distribution

Percentile by Number Answered

Percent of People with Each Score

Your Score History

You have not taken this quiz since the last reset